|
|
|
|
| LEADER |
00000nam0a2200000 4500 |
| 001 |
180086 |
| 005 |
20231101223524.0 |
| 035 |
|
|
|a (RuTPU)RU\TPU\book\195221
|
| 090 |
|
|
|a 180086
|
| 100 |
|
|
|a 20100506d 1985m y0rusy50 ca
|
| 101 |
0 |
|
|a rus
|
| 102 |
|
|
|a RU
|
| 105 |
|
|
|a ac z 001zb
|
| 200 |
1 |
|
|a Дневники
|e в 3 книгах
|h Кн. 3. 1903-1909
|f С. И. Танеев
|g Государственный дом-музей П. И. Чайковского ; Государственный центральный музей музыкальной культуры им. М. И. Глинки (ГЦММК) ; сост. Л. З. Корабельникова ; коммент. Л. З. Корабельниковой и Л. И. Даренской
|
| 210 |
|
|
|a Москва
|c Музыка
|d 1985
|
| 215 |
|
|
|a 560 с., [8] вкл. л.
|c ил.
|d 22 см.
|
| 320 |
|
|
|a Комментарии: с.405-466
|
| 320 |
|
|
|a Указатель имен: с. 469-533
|
| 320 |
|
|
|a Указатель сочинений С. И. Танеева: с. 534-537
|
| 320 |
|
|
|a Указатель музыкальных произведений разных авторов: с. 538-558.
|
| 600 |
|
1 |
|a Танеев
|b С. И.
|c русский композитор
|f 1856-1915
|g Сергей Иванович
|2 stltpush
|3 (RuTPU)RU\TPU\pers\11062
|9 2437
|
| 610 |
1 |
|
|a Россия
|
| 610 |
1 |
|
|a история
|
| 610 |
1 |
|
|a 20 век
|
| 610 |
1 |
|
|a дневники
|
| 610 |
1 |
|
|a русская культура
|
| 610 |
1 |
|
|a русские композиторы
|
| 675 |
|
|
|a 78.071.1
|v 3
|
| 700 |
|
1 |
|a Танеев
|b С. И.
|c русский композитор
|f 1856-1915
|g Сергей Иванович
|2 stltpush
|3 (RuTPU)RU\TPU\pers\11062
|4 070
|9 2437
|
| 702 |
|
1 |
|a Корабельникова
|b Л. З.
|g Людмила Зиновьевна
|4 080
|4 220
|
| 702 |
|
1 |
|a Даренская
|b Л. И.
|4 080
|
| 702 |
|
1 |
|a Григорович
|b Н. Н.
|4 080
|
| 712 |
0 |
2 |
|a Государственный дом-музей П. И. Чайковского
|c (Клин)
|2 stltpush
|3 (RuTPU)RU\TPU\col\15906
|9 26308
|
| 712 |
0 |
2 |
|a Государственный центральный музей музыкальной культуры им. М. И. Глинки (ГЦММК)
|c (Москва)
|2 stltpush
|3 (RuTPU)RU\TPU\col\15907
|
| 801 |
|
1 |
|a RU
|b 63413507
|c 20100506
|
| 801 |
|
2 |
|a RU
|b 63413507
|c 20100512
|g RCR
|
| 942 |
|
|
|c BK
|